000 00246nam a22001217a 4500
008 181010b xxu||||| |||| 00| 0 eng d
041 _aeng
080 _a316
100 _a50
101 _aSOC
245 _aSociology
_cJary, D
942 _2udc
_cBK
999 _c49316
_d49316